Selected works
Αποθηκεύτηκε σε:
| Κύριος συγγραφέας: | |
|---|---|
| Άλλοι συγγραφείς: | |
| Μορφή: | Βιβλίο |
| Γλώσσα: | English Ancient Greek |
| Δημοσίευση: |
London : Cambridge, Mass. :
Heinemann ;, Harvard University Press,
1969-1977
|
| Σειρά: | Loeb classical library ;
; 451-452 |
| Θέματα: | |
| Ετικέτες: |
Προσθήκη ετικέτας
Δεν υπάρχουν, Καταχωρήστε ετικέτα πρώτοι!
|
MARC
| LEADER | 00000nam a2200000 i 4500 | ||
|---|---|---|---|
| 001 | 1/24891 | ||
| 008 | 960719m19691977 eng d | ||
| 020 | |a 0-674-99496-5 (τ.1) | ||
| 020 | |a 0-674-99497-3 (τ.2) | ||
| 035 | |l 10022387 | ||
| 040 | |a GR-MY-UA |b gre |e aacr | ||
| 041 | 0 | |a eng |a grc | |
| 082 | 0 | |a 885.01 | |
| 100 | 0 | |a Λιβάνιος, |d 314-393. | |
| 245 | 1 | 0 | |a Selected works / |c Libanius ; μετάφραση: A. F. Norman |
| 260 | |a London : |a Cambridge, Mass. : |b Heinemann ;, |b Harvard University Press, |c 1969-1977 | ||
| 300 | |a 2τ. (lx, 529;542 σ.); |c 17 εκ. | ||
| 490 | 1 | |a Loeb classical library |v ; 451-452 | |
| 504 | |a Περιέχει βιβλιογραφία και ευρετήριο | ||
| 505 | 0 | |a τ. 1. The Julianic orations | |
| 600 | 0 | 0 | |a Λιβάνιος, |d 314-393. |
| 650 | 0 | 0 | |a Speeches, addresses, etc., Greek |x Translations into English. |
| 650 | 0 | 0 | |a Speeches, addresses, etc., Greek. |
| 650 | 0 | 0 | |a Sophists (Greek philosophy) |
| 700 | 1 | |a Norman, A. F. |q (Albert Francis) |4 trl | |
| 740 | 0 | 2 | |a The Julianic orations |
| 830 | 0 | |a Loeb classical library ; |v ; 451-452 | |
| 852 | |a INST |b CHIOS |e 19960719 |h 885.5 ΛΙΒ |p 005200007003 |q 005200007003 |t BK |y 0 |z τ.2 | ||
| 852 | |a INST |b CHIOS |e 19960719 |h 885.5 ΛΙΒ |p 005200007004 |q 005200007004 |t BK |y 0 |z τ.1 | ||
| 852 | |a INST |b CHIOS |e 19960719 |h 885.5 ΛΙΒ |p 005200007003 |q 005200007003 |t BK |v τ.2: |y 0 |z τ.2 | ||
| 852 | |a INST |b CHIOS |e 19960719 |h 885.5 ΛΙΒ |p 005200007004 |q 005200007004 |t BK |v τ.1: |y 0 |z τ.1 | ||
| 853 | |a INST |b CHIOS |h 885.5 ΛΙΒ | ||
| 909 | |a Χ |b 031869 | ||
| 909 | |a Χ |b 031799 | ||
| 922 | |a 2ΕΛΗ |b 199311 |c ΦΡΑΓΚΟΜΙΧΑΛΟΣ |d LEADER BOOKS | ||
| 970 | |a ΣΠΕΝΤΖΑ |b ΕΛΕΝΗ |z 2003/10/22 | ||